Countries Containing ‘And’ - Impossible Version - Statistics

General Stats
  • This quiz has been taken 221 times
    48 since last reset
  • The average score is 20 of 38
Answer Stats
‘And’ Location Country % Correct
Contains ‘land’ Iceland
91%
Contains ‘land’ Ireland
91%
Contains ‘land’ Finland
88%
Contains ‘land’ Poland
88%
Contains ‘island’ Marshall Islands
85%
Contains ‘land’ New Zealand
82%
Contains word ‘and’ Trinidad and Tobago
82%
Contains word ‘and’ Antigua and Barbuda
79%
Contains ‘land’ Netherlands
79%
Contains word ‘and’ Saint Kitts and Nevis
79%
Contains word ‘and’ Saint Vincent and the Grenadines
79%
Contains word ‘and’ São Tomé and Príncipe
76%
Contains ‘land’ Switzerland
76%
Contains ‘island’ Solomon Islands
74%
Contains word ‘and’ Bosnia and Herzegovina
71%
Contains ‘land’ Thailand
71%
Neither Andorra
59%
Territory, contains ‘land’ Greenland
56%
Territory, contains ‘island’ Cook Islands
47%
Territory, contains ‘island’ Falkland Islands
44%
Territory, contains ‘island’ and word 'and' Turks and Caicos Islands
44%
Neither Rwanda
41%
Territory, contains ‘island’ U.S. Virgin Islands
41%
Territory, contains ‘island’ British Virgin Islands
38%
Neither Uganda
38%
Territory, contains ‘island’ Faroe Islands
32%
Territory, contains ‘island’ Cayman Islands
29%
Territory, contains ‘island’ Christmas Island
29%
Territory, contains word ‘and’ Wallis and Futuna
29%
Territory, contains word 'and’ Saint Helena, Ascension, and Tristan da Cunha
24%
Territory, contains ‘island’ Northern Mariana Islands
21%
Territory, contains ‘island’ Pitcairn Islands
21%
Territory, contains word ‘and’ Saint Pierre and Miquelon
18%
Territory, contains ‘island’ Norfolk Island
15%
Former country, contains word ‘and’ Serbia and Montenegro
15%
Territory, contains ‘island’ Cocos (Keeling) Islands
12%
Territory, contains word ‘and’ Svalbard and Jan Mayen
9%
Territory, contains ‘land’ Caribbean Netherlands
3%
No matching quizzes found
Score Distribution
Percent of People with Each Score
Percentile by Number Answered
Your Score History
You have not taken this quiz since the last reset